Teksty piosenek przetłumaczone na Polski - Statystyki

Ogólne statystyki
  • Ten quiz został rozwiązany 963 razy
  • Średni wynik to 7 z 15
Statystyki odpowiedzi
Tekst Zespół/Artysta Piosenka % Poprawnych
Wiem to , że nie jestem sama Alan Walker Alone
73%
Pływam w chemikaliach Imagine Dragons Radioactive
65%
Zabiorę moje konie Na ulicę starego miasta Nas X i Bill Ray Cyrus Old town road
63%
scaramouche czy zatańczysz Falango? Queen Bohemian Rhapsody
61%
Jestem Wyblakły Alan Walker Faded
60%
Tup tup klask tup tup klask (Spróbuj) Queen We will rock you
59%
Wszysto co potrzebuję wiedzieć usłyszał w moim radiu Queen Radio gaga
54%
Wyobraź sobię wszystkich ludzi żyjących w pokoju Jonh Lennon Imagine
51%
...bo ja STOJE W HALI SŁAW The Script Hall of fame
42%
I kolejny gryzie piach Queen Another One Bites the dust
41%
My jesteśmy numer 1 Robby Rotten and The Bros We are number one
31%
Wiem że ptaki latają w różne kierunki Imagine Dragons birds
21%
Zapamiętaj mnie na wieki Fall out boys Centuries
20%
Przygotuj się i ... POWSTAŃ Glitch Mob, Mako, and The Word Alive Rise
15%
Jeden Szot i whisky spływa Adam Lambert Runnin'
2%
Nie znaleziono quizów pasujących do podanych kryteriów
Rozkład punktacji
Procent ludzi z każdym wynikiem
Percentyl według liczby udzielonych odpowiedzi
Twoja historia wyników
Nie rozwiązałeś tego quizu